Largest Countries Quiz - Statistics

General Stats
  • This quiz has been taken 235 times
  • The average score is 9 of 13
Answer Stats
Hint Answer % Correct
Largest country in the world Russia
100%
Largest country in the Americas Canada
98%
Second Largest country in the Americas United States of America
96%
Largest country situated entirely in Asia China
95%
Largest country in the southern hemisphere Brazil
86%
Largest country without land borders Australia
84%
Largest country in hispanic America Argentina
62%
Largest country in Africa Algeria
52%
Largest landlocked country Kazakhstan
49%
Largest country in the middle east Saudi Arabia
46%
Largest country entirely on islands Indonesia
34%
Largest country in sub-saharan Africa Democratic Republic of Congo
32%
Largest country entirely in Europe Ukraine
25%
No matching quizzes found
Score Distribution
Percent of People with Each Score
Percentile by Number Answered
Your Score History
You have not taken this quiz